| 000 | 00331nam a2200121Ia 4500 | ||
|---|---|---|---|
| 008 | 220217s9999||||xx |||||||||||||| ||und|| | ||
| 082 | _a001 SUM | ||
| 100 | _aSumers, George, J | ||
| 245 | 0 | _aGreat book of Puzzlers teasers | |
| 260 |
_aJayco publication _bNew Delhi _c2007 |
||
| 300 | _b65 | ||
| 650 | _aEXAM BOOKS/GRE/CAT/GATE | ||
| 999 |
_c175277 _d175277 |
||